Essentials of Educational Technology/Nursing Education Semester-V (Record no. 370155)
[ view plain ]
| 000 -LEADER | |
|---|---|
| fixed length control field | 01511nam a22002057a 4500 |
| 003 - CONTROL NUMBER IDENTIFIER | |
| control field | OSt |
| 005 - DATE AND TIME OF LATEST TRANSACTION | |
| control field | 20260127114837.0 |
| 008 - FIXED-LENGTH DATA ELEMENTS--GENERAL INFORMATION | |
| fixed length control field | 260127b |||||||| |||| 00| 0 eng d |
| 020 ## - INTERNATIONAL STANDARD BOOK NUMBER | |
| International Standard Book Number | 9789366164373 |
| 041 ## - LANGUAGE CODE | |
| Language code of text/sound track or separate title | Eng |
| 082 ## - DEWEY DECIMAL CLASSIFICATION NUMBER | |
| Edition number | 1st |
| Classification number | 610/SHR |
| 100 ## - MAIN ENTRY--PERSONAL NAME | |
| Personal name | SREEVANI R |
| 111 ## - MAIN ENTRY--MEETING NAME | |
| Meeting name or jurisdiction name as entry element | Nursing Education |
| 9 (RLIN) | 216492 |
| 245 ## - TITLE STATEMENT | |
| Title | Essentials of Educational Technology/Nursing Education Semester-V |
| 260 ## - PUBLICATION, DISTRIBUTION, ETC. (IMPRINT) | |
| Place of publication, distribution, etc. | New Delhi |
| Name of publisher, distributor, etc. | Jaypee Brothers Medical Publishers |
| Date of publication, distribution, etc. | 2025 |
| 300 ## - PHYSICAL DESCRIPTION | |
| Extent | 502 P. |
| 500 ## - GENERAL NOTE | |
| Keywords | A comprehensive textbook compiled to meet the requirements as per the revised INC syllabus for BSc nursing students.<br/>Written in easy-to-understand language following a lucid style.<br/>Focuses on developing knowledge, attitude, and competencies in teaching and learning.<br/>Covers all major topics on the latest approaches to education and learning, teaching and learning styles, basics in curriculum planning and teaching methods, educational media, assessment and evaluation, guidance and counseling, and evidence-based teaching practice in nursing.<br/>Question bank and multiple-choice questions (MCQs) provided at the end of each chapter to improve self-evaluation and robustness in term end and competitive examinations.<br/>Appendices include course outline, lesson plan, master rotation plan, evaluation formats, and item writing template on multiple choice questions.<br/>Serves as a lifelong companion for basic nursing students and professionals.<br/><br/> |
| 610 ## - SUBJECT ADDED ENTRY--CORPORATE NAME | |
| Corporate name or jurisdiction name as entry element | Nursing Education |
| 9 (RLIN) | 216416 |
| 942 ## - ADDED ENTRY ELEMENTS (KOHA) | |
| Source of classification or shelving scheme | Dewey Decimal Classification |
| Koha item type | Donated Book |
No items available.